000 01044nas a2200337 4500
001 BR0802561
003 BR-BrBNA
005 20231205112015.0
007 ta
008 230509b bl.|||p| |||| 00| 00por d
040 _aBR-BrBNA
_bpor
_cBiblioteca Nacional de Agricultura
041 _a(Pt)
072 _aH60
100 1 _aYamashita, O.M.
100 1 _aCampos, O.R.
100 1 _aKoga, P.S.
100 1 _aFreire, C.R.O.
100 1 _aMaia, M.J.
100 1 _aOliveira, M.A. de
245 1 _aEfeito de profundidade de semeadura na emergência de picão-preto (Bidens pilosa)e fedegoso (Cassia Occidentalis)
650 _aERVA DANINHA
650 _aSEMEADURA
650 _aEMERGÊNCIA
650 _aPICÃO PRETO
650 _aFEDEGOSO
773 0 _tRevista de Ciência Agro-Ambientais (Brazil)
_xISSN 1677-6062
_g(2005), v. 3 p. 84-91
_wBR0802561
856 4 0 _uhttp://www.unemat.br/revistas/rcaa/?link=volume3
856 4 0 _dLink DSPACE/MAPA BR0802561
909 _a202311
_bLúcia
_c55
_dLúcia Elande
942 _2AGRIS
_n0
_cANA
999 _c195597
_d195597